Development and Evaluation of Worksheets a Enhancement Materials in Teaching Algebra for Grade 7 Learners (Record no. 89062)

MARC details
000 -LEADER
fixed length control field 03748nam a22002657a 4500
005 - DATE AND TIME OF LATEST TRANSACTION
control field 20251120130722.0
008 - FIXED-LENGTH DATA ELEMENTS--GENERAL INFORMATION
fixed length control field 251104b ||||| |||| 00| 0 eng d
043 ## - GEOGRAPHIC AREA CODE
Geographic area code URS
245 ## - TITLE STATEMENT
Title Development and Evaluation of Worksheets a Enhancement Materials in Teaching Algebra for Grade 7 Learners
Remainder of title / Alibudbud, Jane Rose P.... [et al.].
260 ## - PUBLICATION, DISTRIBUTION, ETC.
Date of publication, distribution, etc. August 2023
300 ## - PHYSICAL DESCRIPTION
Extent 77 leaves :
Dimensions 28 cm.
336 ## - CONTENT TYPE
Source rdacontent
Content type term text
337 ## - MEDIA TYPE
Source rdamedia
Media type term unmediated
338 ## - CARRIER TYPE
Source rdacarrier
Carrier type term volume
502 ## - DISSERTATION NOTE
Dissertation note Thesis
Degree type Bachelor of Secondary Education Major in Mathematics
Name of granting institution University of Rizal System-Morong
Year degree granted 2023
520 ## - SUMMARY, ETC.
Summary, etc. This study entitled “Development and Evaluation of Worksheets as Enhancement Materials in Teaching Algebra for Grade 7 Learners” aimed to develop worksheets as enhancement materials in teaching Algebra for seventh-grade learners during the School Year 2022-2023 at Vicente Madrigal Integrated School in Binangonan, Rizal. This study focused on the least-mastered competencies of grade 7 learners in the field of Mathematics, particularly in Algebra. These are solving problems involving Venn diagrams, solving problems involving real numbers, performing operations on rational numbers, and performing operations on integers. The researchers used descriptive and developmental research designs to answer the questions raised in the statement of the problem, which included how the output was developed, the evaluation by the teacher-respondents, and their comments and suggestions for further improvement of the developed materials. The worksheets were developed based on the gathered least-mastered competencies of the learners in Mathematics 7 and how they will enhance their mathematical skills as they answer the worksheets. The output was validated and revised before it was shown to the selected junior high school Mathematics teachers of Algebra from Vicente Madrigal Integrated High School for it to be evaluated. The results revealed that the developed worksheets received a grand mean of 4.43 with the verbal interpretation of Very Much Accepted. The teacher-respondents provided comments and suggestions for the betterment of the output like enhancing the organization and presentation of the worksheets, making the directions easy to understand, prioritizing the content, and providing how the learners will be convinced to answer the worksheets. In conclusion, the findings demonstrated that the evaluators were satisfied with the worksheets, signifying that it is appropriate to be implemented in classroom instruction by the teachers to enhance their teaching in Mathematics, particularly in Algebra, for seventh-grade learners. With that in mind, the researchers recommended that students should consider enhancing their least-mastered competencies in Mathematics, particularly in Algebra, by solving and answering worksheets that can help them develop their mathematical skills. Moreover, the developed worksheets are recommended for enhancing the least-mastered competencies and developing the skills of Grade 7 learners in Mathematics, particularly in Algebra. Also, there must be a follow-up study in the development of worksheets as enhancement materials in teaching Mathematics, particularly Algebra, for Grade 7 learners.
700 ## - ADDED ENTRY--PERSONAL NAME
Personal name Alibudbud, Jane Rose P.
Relator term author
700 ## - ADDED ENTRY--PERSONAL NAME
Personal name Ande, Lia Lynna
Relator term author
700 ## - ADDED ENTRY--PERSONAL NAME
Personal name Aquino, Trisha Kris P.
Relator term author
700 ## - ADDED ENTRY--PERSONAL NAME
Personal name Francisco, Jesus L.
Relator term author
700 ## - ADDED ENTRY--PERSONAL NAME
Personal name Peñaranda, Paula Cristin Jade C.
Relator term degree supervisor
856 ## - ELECTRONIC LOCATION AND ACCESS
Materials specified Online Request for Student Unpublished Works
Uniform Resource Identifier <a href="https://forms.gle/7LqvGGkaDrUQqz429">https://forms.gle/7LqvGGkaDrUQqz429</a>
856 ## - ELECTRONIC LOCATION AND ACCESS
Uniform Resource Identifier <a href="https://drive.google.com/file/d/1RZdnkea4BJcqfbnY8k4G7QMLV6K66X3C/view?usp=drive_link">https://drive.google.com/file/d/1RZdnkea4BJcqfbnY8k4G7QMLV6K66X3C/view?usp=drive_link</a>
942 ## - ADDED ENTRY ELEMENTS (KOHA)
Source of classification or shelving scheme Library of Congress Classification
Koha item type Theses and dissertations
Holdings
Withdrawn status Source of classification or shelving scheme Damaged status Not for loan Collection code Home library Current library Date acquired Total Checkouts Barcode Date last seen Price effective from Koha item type
  Library of Congress Classification     Reference Morong College Library Morong College Library 11/04/2025   URSMOR-CL-6738 11/04/2025 11/04/2025 Theses and dissertations

University of Rizal System
Email us at univlibservices@urs.edu.ph

Visit our Website www.urs.edu.ph/library